|
|
|
|
| LEADER |
00000nta a2200000 i 4500 |
| 001 |
dolg3332 |
| 005 |
20161122105521.0 |
| 008 |
161122suuuu hu o 000 hun d |
| 040 |
|
|
|a BGE Dolgozattár Repozitórium
|b hun
|
| 041 |
|
|
|a hun
|
| 100 |
1 |
|
|a Ramasz Gergő
|
| 245 |
1 |
0 |
|a Légi szállítmányozás
|h [elektronikus dokumentum] /
|c Ramasz Gergő
|
| 246 |
1 |
0 |
|a Légi szállítmányozás
|h [elektronikus dokumentum]
|
| 516 |
|
|
|a Final_paper
|
| 695 |
|
|
|a Légi szállítmányozás
|
| 695 |
|
|
|a Jas Cargoways Kft.
|
| 700 |
0 |
1 |
|a Orbán Gabriella
|e ths
|
| 856 |
4 |
0 |
|u http://dolgozattar.uni-bge.hu/3332/1/Ramasz%20Gerg%C5%91%20Z%C3%A1r%C3%B3dolgozat.pdf
|z Dokumentum-elérés
|